|
|
|
|
| LEADER |
00000cam a2200000 7i4500 |
| 001 |
0000002859 |
| 002 |
000003095 |
| 005 |
20060206.0 |
| 020 |
|
|
|a 0723900175
|
| 090 |
0 |
0 |
|a 030
|b LAN
|
| 100 |
1 |
|
|a Langley, Andrew
|
| 245 |
1 |
4 |
|a The Illustrated book of questions and answers
|c Andrew Langley
|
| 260 |
|
|
|a Leicester :
|b Kibworth ,
|c 1993
|
| 300 |
|
|
|a 96p. :
|b ill. ;
|c 30cm.
|
| 650 |
0 |
0 |
|a Children's questions and answers
|x Juvenile literature
|
| 999 |
|
|
|a 035207
|b BUKU
|c PINJAMAN
|e PERPUSTAKAAN KOMUNITI PETALING JAYA
|
| 999 |
|
|
|a 035208
|b BUKU
|c PINJAMAN
|e PERPUSTAKAAN KOMUNITI PETALING JAYA
|
| 999 |
|
|
|a 035668
|b BUKU
|c PINJAMAN
|e PERPUSTAKAAN KOMUNITI PETALING JAYA
|
| 999 |
|
|
|a 036622
|b BUKU
|c PINJAMAN
|e PERPUSTAKAAN KOMUNITI PETALING JAYA
|